Medical management of AIDS in children (Record no. 32484)

MARC details
000 -LEADER
fixed length control field 00511nam a2200169Ia 4500
020 ## - INTERNATIONAL STANDARD BOOK NUMBER
ISBN 0721682847
050 ## - CALL MARK
Classification number RJ 387.A25 M43/
245 #0 - TITLE STATEMENT
Title Medical management of AIDS in children
260 ## - PUBLICATION, DISTRIBUTION, ETC. (IMPRINT)
Place of publication Philadelphia
260 ## - PUBLICATION, DISTRIBUTION, ETC. (IMPRINT)
Name of publisher Saunders
260 ## - PUBLICATION, DISTRIBUTION, ETC. (IMPRINT)
Year of publication 2007
300 ## - PHYSICAL DESCRIPTION
Number of Pages 446 p
650 ## - SUBJECT ADDED ENTRY--TOPICAL TERM
Topical Term AIDS (Disease) in children. AIDS (Disease) in children--Treatment. AIDS (Disease) in children--Patients--Family relationships.
942 ## - ADDED ENTRY ELEMENTS (KOHA)
Koha item type Books
Holdings
Withdrawn status Lost status Source of classification or shelving scheme Damaged status Not for loan Permanent Location Current Location Date acquired Accession Number Price effective from Koha item type
    Library of Congress Classification     NILE UNIVERSITY OF NIGERIA - MAIN LIBRARY NILE UNIVERSITY OF NIGERIA - MAIN LIBRARY 04/23/2025 0011788 04/23/2025 Books